000 00380nam a2200145 i 4500
001 bg
100 1 _aŁAKOMY, Marian
245 0 _aScalone przetworniki analogowo-cyfrowe i cyfrowo-analogowe /
_cM. Łakomy, J. Zabrodzki.
260 _aWarszawa,
_c1985.
700 1 _aZABRODZKI, Jan
040 _cBPK
041 _apol
942 _cKS
008 s pl f |000 0 pol
999 _c1204
_d1204
856 _uhttp://koha.tu.koszalin.pl/cgi-bin/koha/opac-detail.pl?biblionumber=1204
_yKatalog online BPK